| 000 | 00566nam a2200193 i 4500 | ||
|---|---|---|---|
| 001 | 93787 | ||
| 003 | ES-MaACL | ||
| 005 | 20231207063019.0 | ||
| 007 | t| | ||
| 008 | 050420s1952 sp ||||1| spa d | ||
| 100 | 1 |
_aLópez Ibor, Juan José, _d1906-1991 _973703 |
|
| 245 | 1 | 3 |
_aEl descubrimiento de la intimidad y otros ensayos / _cJuan José López Ibor. |
| 260 |
_aMadrid : _bAguilar, _c1952. |
||
| 300 |
_a240 p. ; _c22 cm. |
||
| 490 | 1 | _aLiteraria | |
| 830 | 0 |
_aLiteraria _9178137 |
|
| 852 |
_aES-MaACL _jD-7442 _bR.32515 |
||
| 999 |
_c93787 _d93787 |
||